Sweet Valley Twins (Record no. 186101)
[ view plain ]
| 000 -LEADER | |
|---|---|
| fixed length control field | 00372 a2200157 4500 |
| 003 - CONTROL NUMBER IDENTIFIER | |
| control field | Nust |
| 005 - DATE AND TIME OF LATEST TRANSACTION | |
| control field | 20170207153431.0 |
| 040 ## - CATALOGING SOURCE | |
| Transcribing agency | Nust |
| 082 ## - DEWEY DECIMAL CLASSIFICATION NUMBER | |
| Classification number | 808.899282 |
| 100 ## - MAIN ENTRY--PERSONAL NAME | |
| Personal name | Pascal,Francine |
| 245 ## - TITLE STATEMENT | |
| Title | Sweet Valley Twins |
| Statement of responsibility, etc. | Francine Pascal |
| 260 ## - PUBLICATION, DISTRIBUTION, ETC. | |
| Place of publication, distribution, etc. | New Zealand |
| Name of publisher, distributor, etc. | Sweet Valley Twins |
| 300 ## - PHYSICAL DESCRIPTION | |
| Extent | 138:p |
| 538 ## - SYSTEM DETAILS NOTE | |
| System details note | Almirah No.58 Shelf No.3 |
| 650 ## - SUBJECT ADDED ENTRY--TOPICAL TERM | |
| Topical term or geographic name entry element | children Book |
| 942 ## - ADDED ENTRY ELEMENTS (KOHA) | |
| Source of classification or shelving scheme | |
| Koha item type | Book |
| Withdrawn status | Lost status | Source of classification or shelving scheme | Damaged status | Not for loan | Collection code | Permanent Location | Current Location | Date acquired | Total Checkouts | Full call number | Barcode | Date last seen | Price effective from | Koha item type |
|---|---|---|---|---|---|---|---|---|---|---|---|---|---|---|
| Military College of Signals (MCS) | Military College of Signals (MCS) | 12/12/2016 | 808.899282 SUZ | MCS23067 | 12/08/2016 | 12/12/2016 | Book |
